000 00615cac a22001811u 4500
090 _c6341
008 081216t 1974xxu||||| |||| 00| 0 eng d
020 _a0719529220
082 _a657
_bWHI
100 _aWhitehead, Geoffrey
245 _aSuccess in principles of Accounting/
_cGeoffrey Whitehead
260 _aLondon:
_bJohn Murray,
_c1974
260 _bdistributer: Al-Ahram
300 _axix,325p. ;
_c 23cm.
650 _aAccounting
942 _cBB
_k657WHI
_2ddc
999 _c6341
_d6341